Verojatnostnyje raspredelenije i matematičeskaja statistika

Uložené v:
Podrobná bibliografia
Médium: Kniha
Jazyk:Russian
Vydavateľské údaje: Taškent Fan 1986
Vydanie:1. izd.
Tagy: Pridať tag
Žiadne tagy, Buďte prvý, kto otaguje tento záznam!

MARC

LEADER 00000nam a2200000 4500
001 c040894
005 20250901082846.0
041 0 |a rus 
044 |a UZ 
245 1 0 |a Verojatnostnyje raspredelenije i matematičeskaja statistika 
250 |a 1. izd. 
264 1 |a Taškent  |b Fan  |c 1986 
300 |a 500 s.